| 000 | 01110cam a2200361 a 4500 | ||
|---|---|---|---|
| 001 | 82754 | ||
| 005 | 20230410132918.0 | ||
| 008 | 940112r20101954nyua 000 0 eng | ||
| 035 | _9(DLC) 94002115 | ||
| 035 | _a1122908 | ||
| 010 | _a 94002115 | ||
| 040 |
_aDLC _cDLC _dDLC |
||
| 041 | 1 |
_aeng _hger |
|
| 049 | _aGRAL | ||
| 050 | 1 | 4 |
_aB 128 _bG752m 2010 |
| 082 | 0 | 0 | _a081 |
| 100 | 1 |
_aEinstein, Albert, _d1879-1955. |
|
| 130 | 1 | _aGrandes obras del pensamiento. | |
| 245 | 1 | 0 |
_aMis ideas y opiniones / _cAlbert Einstein ;trad. por José M. Alvarez Flórez y Ana Goldar |
| 260 |
_aMadrid : _bEl País, _c2010 |
||
| 300 |
_a574 p. : _bill. ; _c19 cm. |
||
| 440 | 0 | _aGrandes obras del pensamiento. | |
| 500 | _aTraducido del idioma orginal: Ideas and opinions. | ||
| 650 | 0 |
_aAlemania _xAlbert Einstein _xfísico |
|
| 650 | 0 |
_aScience _xPhilosophy. |
|
| 650 | 0 |
_aScience _xSocial aspects. |
|
| 650 | 0 | _aPhysics. | |
| 650 | 0 | _aCRV | |
| 650 | 4 | _aColección Rene Villarreal | |
| 650 | 4 |
_aScience _xSocial aspects. |
|
| 700 | 1 |
_aEinstein, Albert, _d1879-1955. _tMein Weltbild. |
|
| 942 |
_2lcc _cbk |
||
| 999 |
_c90062 _d90062 |
||